000 01257nam a2200325 a 4500
001
003 DO-SdBNP
005 20220120125623.0
008 100519s2010 dr 001 0 spa d
020 _a9789945020960
040 _aDO-SdBNP
_bspa
_cBPMSU
082 _a972.93697
_bD473h, 2010
_222
100 1 _aDespradel Batista, Guido,
_d1909-1958
245 1 0 _aHistoria de la Concepción de La Vega /
_cGuido Despradel Batista ; edición Luis Alfonso Escolano Giménez.
250 _a2a. ed.
260 _aSanto Domingo :
_bArchivo General de la Nación,
_c2010.
300 _a263 p. ;
_c23 cm.
490 0 _aArchivo General de la Nación,
_v87
500 _aIncluye datos biográficos del autor en la solapa de la cubierta
504 _aBibliografía : p. 145-235
504 _aIncluye referencias bibliográficas y notas al pie de las páginas
590 _6Inventariado, 2022/VM
650 4 _aCiudades y pueblos
_zRepública Dominicana
651 4 _aLa Vega (República Dominicana)
_xHistorial local
651 4 _aLa Vega (República Dominicana)
_xVida social y costumbres
700 1 _aEscolano Giménez, Luis Alfonso,
_eed.
710 2 _aArchivo General de la Nación (República Dominicana)
910 _a VMateo V.
942 _2ddc
_cBK
999 _c13973
_d13973